| 000 | 00653nam a22002297a 4500 | ||
|---|---|---|---|
| 001 | 00028903 | ||
| 005 | 20260425100609.0 | ||
| 008 | 260425b ag ||||| |||| 00| 0 spa d | ||
| 020 | _a8475834442 | ||
| 040 |
_aAR-CcCEOS _bspa _cAR-CcCEOS |
||
| 041 | _aspa | ||
| 080 | _a908:(54) | ||
| 090 | _bJOH v.2 | ||
| 100 | 1 |
_aJohnson, Gordon _91128 |
|
| 245 |
_aIndia : _bIndia, Pakistán, Nepal, Bután, Bangladesh y Sri Lanka : Volumen II / _cGordon Johnson |
||
| 264 |
_aBarcelona : _bFolio, _c1995. |
||
| 300 |
_a240 p. ; _c24x18 cm. |
||
| 490 | _vAtlas culturales del mundo | ||
| 650 | 0 |
_ahistoria _990 |
|
| 655 | 0 |
_aarte _9138 |
|
| 942 |
_2udc _cBK _n0 |
||
| 999 |
_c28949 _d28949 |
||